| 000 | 00875cam a22002413a 4500 | ||
|---|---|---|---|
| 001 | 17845 | ||
| 003 | PGUSA | ||
| 005 | 20140828083359.0 | ||
| 008 | 060224s2006||||xxu|||||s|||||000 | eng d | ||
| 040 |
_aPGUSA _beng |
||
| 042 | _adc | ||
| 050 | 4 | _aBF | |
| 100 | 1 |
_aUpham, Charles Wentworth, _d1802-1875 |
|
| 245 | 1 | 0 |
_aSalem Witchcraft, Volumes I and II : _bWith an Account of Salem Village and a History of Opinions on Witchcraft and Kindred Subjects _h[electronic resource] / _cCharles Wentworth Upham |
| 260 |
_bProject Gutenberg, _c2006 |
||
| 506 | _aPublic domain in the USA. | ||
| 516 | _aElectronic text | ||
| 653 | _aWitchcraft -- Massachusetts -- Salem -- History -- 17th century | ||
| 653 | _aSalem (Mass.) -- History -- Colonial period, ca. 1600-1775 | ||
| 830 | 0 |
_aProject Gutenberg _v17845 |
|
| 856 | 4 | 0 | _uhttp://www.gutenberg.org/ebooks/17845 |
| 942 | _cEB | ||
| 999 |
_c247100 _d247100 |
||